[Event "5th Asia-ch"]
[Site "Hyderabad IND"]
[Date "2005.10.12"]
[Round "6"]
[White "Laxman, Rajaram"]
[Black "Sharma, Dinesh"]
[Result "1-0"]
[WhiteElo "2404"]
[BlackElo "2359"]
[EventDate "2005.10.05"]
[PlyCount "121"]

1.d4 d5 2.c4 c6 3.cxd5 cxd5 4.Nc3 e5 5.e3 e4 6.Bb5+ Nc6 7.Qa4 Qd6 8.Bxc6+ 
bxc6 9.Bd2 Nf6 10.Rc1 Be7 11.a3 Bd7 12.Qa5 O-O 13.Nce2 Rfb8 14.b4 Rb5 15.
Qa6 Rb6 16.Qa4 Qb8 17.Qd1 a5 18.bxa5 Rb3 19.a4 Bb4 20.Nc3 Bxa5 21.Nge2 Rb7
22.h3 Ne8 23.O-O Qd6 24.Ng3 Bc7 25.f4 exf3 26.Rxf3 Qg6 27.Be1 Nd6 28.Nce2 
Nc4 29.Nf4 Bxf4 30.exf4 Bf5 31.a5 Be4 32.Nxe4 Qxe4 33.Bc3 f5 34.Kh2 Rab8 
35.Qa4 Qe8 36.Re1 Qd7 37.Rf2 Nd6 38.Re5 Ne4 39.Rc2 Rb5 40.Bb4 Qb7 41.Be1 
Rb1 42.Bh4 Rb5 43.Be1 Rb1 44.Bd2 Rb5 45.Rxf5 Nd6 46.Re5 Nc4 47.Rxc4 dxc4 
48.Qxc4+ Rd5 49.Re6 Kf7 50.Rxc6 Qb5 51.Rc7+ Kg8 52.Qa2 Kh8 53.a6 h6 54.a7 
Rd7 55.Qc2 Rxc7 56.Qxc7 Kh7 57.Ba5 Qf5 58.Bb6 Rc8 59.Qb8 Qf8 60.Bc7 Rxb8 
61.axb8=Q 1-0

[Event "5th Asia-ch"]
[Site "Hyderabad IND"]
[Date "2005.10.12"]
[Round "6"]
[White "Xie, George Wendi"]
[Black "Sengupta, Deep"]
[Result "1-0"]
[WhiteElo "2340"]
[BlackElo "2400"]
[EventDate "2005.10.05"]
[PlyCount "63"]

1.d4 Nf6 2.Nc3 d5 3.Bg5 g6 4.Qd2 h6 5.Bf4 c6 6.f3 Bg7 7.e4 dxe4 8.fxe4 g5 
9.Bg3 Nh5 10.Bf2 e5 11.d5 f5 12.O-O-O Nf6 13.exf5 cxd5 14.Bc5 Nc6 15.Nf3 
Bxf5 16.Qe1 e4 17.Bb5 a6 18.Ba4 b5 19.Bb3 Ne7 20.Nd4 Bd7 21.Rf1 Rc8 22.Ba3
Rxc3 23.Qxc3 O-O 24.Bd6 Re8 25.Be5 Ng6 26.Nc6 Nxe5 27.Nxd8 Nfg4 28.Bxd5+ 
Kh8 29.Qc7 e3 30.Nf7+ Nxf7 31.Rxf7 e2 32.Re1 1-0

[Event "5th Asia-ch"]
[Site "Hyderabad IND"]
[Date "2005.10.12"]
[Round "6"]
[White "Gopal, Geetha Narayanan"]
[Black "Das, Arghyadip"]
[Result "1/2-1/2"]
[WhiteElo "2327"]
[BlackElo "2411"]
[EventDate "2005.10.05"]
[PlyCount "59"]

1.e4 c5 2.Nf3 e6 3.d4 cxd4 4.Nxd4 Nf6 5.Nc3 d6 6.Be2 a6 7.O-O Be7 8.f4 O-O
9.a4 Nc6 10.Be3 Qc7 11.Kh1 Re8 12.Bd3 Nxd4 13.Bxd4 e5 14.Be3 exf4 15.Rxf4 
Be6 16.Nd5 Bxd5 17.exd5 g6 18.Qf3 Nh5 19.Rf5 Nf6 20.Bd4 gxf5 21.Qxf5 h6 
22.Qf4 Kg7 23.Rf1 Qd8 24.Qg3+ Kh8 25.Qh3 Kg7 26.Qg4+ Kf8 27.Qf4 Kg7 28.
Qg3+ Kh8 29.Qe3 Kg7 30.Qg3+ 1/2-1/2

[Event "5th Asia-ch"]
[Site "Hyderabad IND"]
[Date "2005.10.12"]
[Round "6"]
[White "Prathamesh, Sunil Mokal"]
[Black "Sai Srinivas, Dasari"]
[Result "1/2-1/2"]
[WhiteElo "2362"]
[BlackElo "2304"]
[EventDate "2005.10.05"]
[PlyCount "45"]

1.e4 c5 2.Nf3 d6 3.d4 cxd4 4.Nxd4 Nf6 5.Nc3 Nc6 6.Be2 e5 7.Nf3 h6 8.O-O 
Be7 9.Re1 O-O 10.h3 Be6 11.Bf1 Nb8 12.a4 Nbd7 13.a5 a6 14.Nd5 Nxd5 15.exd5
Bf5 16.c4 Bg6 17.b4 e4 18.Nd4 Ne5 19.Be3 Rc8 20.Qb3 Re8 21.Rec1 Nd3 22.Rc3
Bf6 23.Ra2 1/2-1/2

[Event "5th Asia-ch"]
[Site "Hyderabad IND"]
[Date "2005.10.12"]
[Round "6"]
[White "Lim Yee Weng"]
[Black "Babu, N. Sudhakar"]
[Result "1/2-1/2"]
[WhiteElo "2348"]
[BlackElo "2298"]
[EventDate "2005.10.05"]
[PlyCount "41"]

1.d4 d5 2.Nc3 Bf5 3.Bg5 f6 4.Bh4 e6 5.e3 Nc6 6.Bd3 Nge7 7.Nf3 Qd7 8.Bg3 
Bxd3 9.Qxd3 Nf5 10.O-O-O Be7 11.e4 Nb4 12.Qe2 Nxg3 13.hxg3 O-O-O 14.a3 Nc6
15.exd5 exd5 16.Rh5 f5 17.Rdh1 Bf6 18.Rxh7 Rxh7 19.Rxh7 Nxd4 20.Nxd4 Bxd4 
21.Qf3 1/2-1/2

[Event "5th Asia-ch"]
[Site "Hyderabad IND"]
[Date "2005.10.12"]
[Round "6"]
[White "Saravanan, Venkat"]
[Black "Visweswaran, Kameswaran"]
[Result "0-1"]
[WhiteElo "2347"]
[BlackElo "2289"]
[EventDate "2005.10.05"]
[PlyCount "104"]

1.e4 c5 2.Nc3 a6 3.g3 b5 4.Bg2 Bb7 5.Nge2 Nf6 6.O-O e6 7.d3 d6 8.h3 Qc7 9.
Be3 Be7 10.a3 O-O 11.g4 Rd8 12.g5 Nfd7 13.f4 b4 14.axb4 cxb4 15.Na4 Nc5 
16.f5 exf5 17.Rxf5 g6 18.Nxc5 dxc5 19.Rf2 Nd7 20.Nf4 Qe5 21.h4 Qxb2 22.Nd5
Bxd5 23.exd5 Bd6 24.Qf1 Rf8 25.Bh3 Ra7 26.Bxd7 Rxd7 27.Rxa6 Qe5 28.Qh3 
Qxd5 29.Qf3 Qe5 30.Bf4 Qd4 31.Bxd6 Rxd6 32.Rxd6 Qxd6 33.Kg2 Qb6 34.h5 gxh5
35.Qxh5 b3 36.cxb3 Qxb3 37.Qf3 Rd8 38.Re2 Qc3 39.Re7 Qc2+ 40.Kh1 Qb1+ 41.
Kg2 Qb5 42.Kg3 Qb3 43.Re3 Qb1 44.Kh2 Qc2+ 45.Re2 Qb3 46.Re5 c4 47.Qe3 Qb2+
48.Qe2 Qxe2+ 49.Rxe2 cxd3 50.Rd2 Kg7 51.Kg3 Kg6 52.Kg4 Rd7 0-1

[Event "5th Asia-ch"]
[Site "Hyderabad IND"]
[Date "2005.10.12"]
[Round "6"]
[White "Yogesh, Gore"]
[Black "Girinath, P. D. S."]
[Result "1/2-1/2"]
[WhiteElo "2316"]
[BlackElo "2392"]
[EventDate "2005.10.05"]
[PlyCount "119"]

1.d3 d5 2.Nf3 Nc6 3.g3 e5 4.Bg2 Nf6 5.O-O g6 6.c3 Bg7 7.Nbd2 O-O 8.e4 a5 
9.Qe2 h6 10.Re1 Re8 11.b3 Be6 12.Bb2 Qd7 13.Rad1 Bh3 14.Nf1 Bxg2 15.Kxg2 
d4 16.cxd4 exd4 17.Qc2 Nh7 18.h3 Nf8 19.Bc1 a4 20.Bd2 axb3 21.axb3 Ne6 22.
Ra1 Qd6 23.Qc4 Qc5 24.b4 Qxc4 25.dxc4 d3 26.Rxa8 Rxa8 27.Re3 Ra3 28.Ne1 
Ne5 29.c5 g5 30.Bc1 Rb3 31.Nd2 Rxb4 32.Nxd3 Nxd3 33.Rxd3 Nxc5 34.Rd8+ Kh7 
35.Ba3 Ne6 36.Bxb4 Nxd8 37.f4 Ne6 38.f5 Nd4 39.Be7 Kg8 40.Bd8 c5 41.Bb6 
Bf8 42.f6 Nc6 43.Nc4 Nb8 44.e5 Nd7 45.Kf3 Kh7 46.g4 Kg6 47.Ke4 h5 48.Kd5 
hxg4 49.hxg4 Kh7 50.Ke4 Kg6 51.Kd5 Kh7 52.Ke4 Kg6 53.Kf3 Kh6 54.Ke3 Kh7 
55.Kd3 Kh6 56.Ke4 Kg6 57.Kd3 Kh6 58.Kc3 Kg6 59.Kd2 Kh6 60.Kd3 1/2-1/2

[Event "5th Asia-ch"]
[Site "Hyderabad IND"]
[Date "2005.10.12"]
[Round "6"]
[White "Singh, Rishipal"]
[Black "Pg Mohd Omar, Ak Hira."]
[Result "1/2-1/2"]
[WhiteElo "2299"]
[BlackElo "2194"]
[EventDate "2005.10.05"]
[PlyCount "57"]

1.c4 Nf6 2.Nc3 d5 3.cxd5 Nxd5 4.g3 g6 5.Bg2 Nb6 6.d3 Bg7 7.Be3 Nc6 8.Qd2 
Nd4 9.Rc1 Nf5 10.Bc5 O-O 11.e3 Re8 12.Nge2 e5 13.O-O c6 14.Rfd1 Be6 15.Qe1
Rc8 16.b3 Rc7 17.d4 exd4 18.Nxd4 Nxd4 19.Bxd4 Rd7 20.Bxg7 Kxg7 21.Rxd7 
Nxd7 22.Rd1 Qe7 23.Rd4 Ne5 24.f4 Ng4 25.h3 Nh6 26.e4 Qc5 27.Qe3 Bxb3 28.g4
Rd8 29.Ne2 1/2-1/2

[Event "5th Asia-ch"]
[Site "Hyderabad IND"]
[Date "2005.10.13"]
[Round "7"]
[White "Megaranto, Susanto"]
[Black "Li Shilong"]
[Result "0-1"]
[WhiteElo "2530"]
[BlackElo "2510"]
[EventDate "2005.10.05"]
[PlyCount "56"]

1.e4 c5 2.Nf3 Nc6 3.d4 cxd4 4.Nxd4 e6 5.Nxc6 bxc6 6.c4 Nf6 7.Nc3 e5 8.Bd3 
Bc5 9.O-O d6 10.h3 g5 11.Kh1 Rg8 12.g4 Nh5 13.Ne2 Nf4 14.Ng3 Nxh3 15.Be3 
Nf4 16.Bxc5 dxc5 17.Be2 Qxd1 18.Raxd1 Nxe2 19.Nxe2 Bxg4 20.f3 Be6 21.b3 
Ke7 22.Kg2 h5 23.Nc1 g4 24.f4 exf4 25.Rxf4 Rad8 26.Rff1 h4 27.Nd3 g3 28.
Nf4 h3+ 0-1

[Event "5th Asia-ch"]
[Site "Hyderabad IND"]
[Date "2005.10.13"]
[Round "7"]
[White "Sadvakasov, Darmen"]
[Black "Zhou Jianchao"]
[Result "1-0"]
[WhiteElo "2612"]
[BlackElo "2516"]
[EventDate "2005.10.05"]
[PlyCount "121"]

1.e4 c5 2.Nf3 d6 3.d4 cxd4 4.Nxd4 Nf6 5.Nc3 a6 6.Be3 e5 7.Nb3 Be6 8.f3 
Nbd7 9.Qd2 b5 10.O-O-O Nb6 11.Qf2 Nc4 12.Bxc4 bxc4 13.Na5 Qc8 14.Nd5 Nxd5 
15.exd5 Bd7 16.f4 Rb8 17.Bd2 f6 18.Bc3 Be7 19.Rhe1 O-O 20.Re4 Bb5 21.Nc6 
Rb7 22.Qf3 Bd8 23.Nxd8 Rxd8 24.g4 Be8 25.Qe2 Qa8 26.h4 Rb5 27.g5 Rxd5 28.
Rxd5 Qxd5 29.gxf6 gxf6 30.Qg4+ Kf8 31.Re1 Bd7 32.Qh5 Kg8 33.fxe5 dxe5 34.
Bxe5 Be8 35.Qg4+ Bg6 36.Bc3 Kf7 37.Qe2 Kg8 38.Rg1 Kf7 39.Re1 Kg8 40.Qe6+ 
Qxe6 41.Rxe6 f5 42.Rxa6 f4 43.Rf6 Rf8 44.Rxf8+ Kxf8 45.b4 cxb3 46.axb3 Ke7
47.Be5 f3 48.Bg3 Ke6 49.Kd2 Kf5 50.c4 Kg4 51.Be1 Bf7 52.Ke3 h5 53.Bf2 Be6 
54.Ke4 Bf7 55.Ke3 Be6 56.Ke4 Bf7 57.Kd4 Kh3 58.b4 Kg2 59.Be3 Kg3 60.b5 Be6
61.c5 1-0

[Event "5th Asia-ch"]
[Site "Hyderabad IND"]
[Date "2005.10.13"]
[Round "7"]
[White "Ghaem Maghami, Ehsan"]
[Black "Yu Shaoteng"]
[Result "1/2-1/2"]
[WhiteElo "2586"]
[BlackElo "2516"]
[EventDate "2005.10.05"]
[PlyCount "85"]

1.c4 e6 2.Nc3 b6 3.d4 Bb7 4.a3 Nf6 5.Nf3 d5 6.Bg5 Be7 7.Qa4+ Qd7 8.Qc2 O-O
9.O-O-O Rc8 10.e3 Qe8 11.Bxf6 Bxf6 12.cxd5 exd5 13.Qf5 Qd7 14.Bd3 Qxf5 15.
Bxf5 Re8 16.Rhe1 g6 17.Bc2 Na6 18.Bd3 Rad8 19.Kb1 c6 20.Bf1 Nc7 21.Rc1 Ne6
22.Red1 c5 23.g3 Bg7 24.Bg2 Ba8 25.h4 h6 26.Ne2 c4 27.Nc3 Nc7 28.b4 Bc6 
29.Ne5 Ba8 30.Bh1 Bf8 31.Kc2 Kg7 32.Rb1 f6 33.Nf3 Bc6 34.Ne1 g5 35.hxg5 
hxg5 36.Kd2 Bd6 37.b5 Bb7 38.Nc2 Rh8 39.Rg1 Rh2 40.Bg2 Kf7 41.Nb4 Ke6 42.
Ke2 f5 43.Rh1 1/2-1/2

[Event "5th Asia-ch"]
[Site "Hyderabad IND"]
[Date "2005.10.13"]
[Round "7"]
[White "Kaiumov, Sergei"]
[Black "Wu Wenjin"]
[Result "0-1"]
[WhiteElo "2436"]
[BlackElo "2523"]
[EventDate "2005.10.05"]
[PlyCount "98"]

1.e4 e6 2.d4 d5 3.Nc3 Bb4 4.e5 b6 5.a3 Bf8 6.b4 Ne7 7.Rb1 Nf5 8.Nf3 Nc6 9.
Bb5 Bd7 10.Bg5 Be7 11.h4 h5 12.Qd3 a6 13.Bxc6 Bxc6 14.a4 Bd7 15.Bxe7 Qxe7 
16.g3 O-O 17.O-O Rfe8 18.Ng5 Ra7 19.Rfe1 g6 20.Rb2 c5 21.dxc5 bxc5 22.b5 
axb5 23.axb5 Kg7 24.Reb1 c4 25.Qd1 Qc5 26.Ne2 d4 27.Nf4 Qxe5 28.Qf3 Rb8 
29.b6 Ra5 30.b7 Qc5 31.Rb6 Qe5 32.Kf1 Kg8 33.Kg1 Qg7 34.Ne4 Qe5 35.R6b4 
Rb5 36.Rxb5 Bxb5 37.Ng5 d3 38.cxd3 c3 39.d4 c2 40.Rc1 Nxd4 41.Qc3 Bc6 42.
Rxc2 Rxb7 43.Rc1 f6 44.Ngxe6 Qe4 45.f3 Nxf3+ 46.Kf2 Ne5 47.Kg1 Rb2 48.Qxb2
Qh1+ 49.Kf2 Qh2+ 0-1

[Event "5th Asia-ch"]
[Site "Hyderabad IND"]
[Date "2005.10.13"]
[Round "7"]
[White "Zhao Jun"]
[Black "Rahman, Ziaur"]
[Result "1-0"]
[WhiteElo "2500"]
[BlackElo "2570"]
[EventDate "2005.10.05"]
[PlyCount "135"]

1.d4 d6 2.c4 e5 3.Nf3 e4 4.Nfd2 f5 5.Nc3 Nf6 6.e3 c6 7.b4 Be7 8.Be2 O-O 9.
b5 Kh8 10.bxc6 Nxc6 11.O-O Bd7 12.Rb1 b6 13.Ba3 Rc8 14.Nb3 d5 15.c5 Be6 
16.Rc1 Ng4 17.Nb5 Bd7 18.Nc3 Be6 19.Nb5 Rf6 20.h3 Nh6 21.cxb6 axb6 22.Bxe7
Qxe7 23.f4 exf3 24.Bxf3 Bg8 25.Qd2 Re8 26.Nc3 Qd7 27.Rce1 Ne7 28.Nc1 Ra8 
29.Nd3 Nf7 30.Rb1 Ng5 31.Nf4 Ra5 32.Kh1 Re6 33.Rb3 Nxf3 34.Rxf3 Qa7 35.Rf1
Nc8 36.a4 Nd6 37.Rfb1 Qe7 38.Qf2 Nc4 39.Re1 Rd6 40.Rb5 Rxb5 41.axb5 Qa7 
42.Qc2 Qa5 43.Re2 Rd8 44.Kh2 Qb4 45.Qd3 g6 46.g3 Qb3 47.h4 Nd6 48.Nd1 Qxd3
49.Nxd3 Ra8 50.Rc2 Nxb5 51.Rc6 Ra6 52.N1b2 Na7 53.Rc7 Ra2 54.Kg2 Nb5 55.
Rb7 Na3 56.Ra7 b5 57.Kf3 b4 58.Kf4 h6 59.Ne5 Bh7 60.Nbd3 b3 61.Nf7+ Kg7 
62.Ng5+ Kh8 63.Rxh7+ Kg8 64.Rxh6 Rg2 65.Rxg6+ Kh8 66.Nf7+ Kh7 67.Kxf5 Rc2 
68.Nc5 1-0

[Event "5th Asia-ch"]
[Site "Hyderabad IND"]
[Date "2005.10.13"]
[Round "7"]
[White "Barua, Dibyendu"]
[Black "Al-Modiahki, Mohamad"]
[Result "0-1"]
[WhiteElo "2475"]
[BlackElo "2568"]
[EventDate "2005.10.05"]
[PlyCount "60"]

1.e4 c5 2.Nf3 d6 3.d4 cxd4 4.Nxd4 Nf6 5.Nc3 a6 6.Be2 e5 7.Nb3 Be7 8.Bg5 
O-O 9.Bxf6 Bxf6 10.Qd3 a5 11.a3 Nc6 12.O-O-O a4 13.Nd2 Be6 14.Nf3 Qb6 15.
Rhf1 Rfc8 16.Qb5 Qc7 17.Qd3 Nd4 18.Nxd4 exd4 19.Nd5 Bxd5 20.exd5 b5 21.Bg4
Rcb8 22.Qf5 b4 23.Rd3 bxa3 24.bxa3 Rb3 25.Kd2 Rc3 26.Rc1 Qc5 27.Rf3 Be5 
28.Rxc3 dxc3+ 29.Ke2 Qxa3 30.Rb1 Qb2 0-1

[Event "5th Asia-ch"]
[Site "Hyderabad IND"]
[Date "2005.10.13"]
[Round "7"]
[White "Filippov, Anton"]
[Black "Ganguly, Surya Shekhar"]
[Result "0-1"]
[WhiteElo "2478"]
[BlackElo "2562"]
[EventDate "2005.10.05"]
[PlyCount "164"]

1.e4 c5 2.Nf3 e6 3.b3 d6 4.Bb2 e5 5.Bc4 Be7 6.Nc3 Nf6 7.d3 Nc6 8.Nd5 Rb8 
9.a4 a6 10.Nxe7 Qxe7 11.a5 O-O 12.h3 Ne8 13.O-O Kh8 14.Nd2 Qg5 15.f4 exf4 
16.Qf3 Nc7 17.Qxf4 Qxf4 18.Rxf4 Be6 19.Rf2 Rbd8 20.g4 Kg8 21.Kh2 Rfe8 22.
Nf1 Nd4 23.Ng3 d5 24.exd5 Bxd5 25.Ne4 Nce6 26.Bxd5 Rxd5 27.Ra4 Nc6 28.Bc3 
Rf8 29.Rc4 f5 30.gxf5 Rfxf5 31.Rxf5 Rxf5 32.Nd6 Rf2+ 33.Kg3 Rxc2 34.Nxb7 
Kf7 35.Nxc5 Nxa5 36.Bxa5 Rxc4 37.Nxe6 Rc1 38.Ng5+ Kf6 39.Nf3 Rd1 40.Bd2 
Kf5 41.b4 h6 42.Kf2 g5 43.Nd4+ Ke5 44.Nb3 Kd5 45.Kf3 Rh1 46.Kg2 Rb1 47.Nc5
Rb2 48.Ne4 Kd4 49.Kf3 Kxd3 50.Be1 Rb1 51.Nf2+ Kd4 52.Ke2 Rb2+ 53.Bd2 Rb3 
54.Kf1 Ke5 55.Ke2 Kf5 56.Nd3 h5 57.Be1 Ra3 58.Ke3 h4 59.Kd4 Ra2 60.Ke3 Ra1
61.Ke2 Ke4 62.Bd2 Kf5 63.Nf2 Ra3 64.Be3 Rb3 65.Bd2 Rb1 66.Kd3 Rg1 67.Be3 
Rg3 68.Kd4 Rf3 69.Kd3 Ke5 70.Ke2 Rg3 71.Bc5 Kd5 72.Be7 Kc4 73.Bd6 Rg1 74.
Kf3 Kd5 75.Be7 Rg3+ 76.Ke2 Ke6 77.Bc5 Rb3 78.Bf8 g4 79.hxg4 h3 80.Bc5 h2 
81.Be3 Rxb4 82.Kf1 Rxg4 0-1

[Event "5th Asia-ch"]
[Site "Hyderabad IND"]
[Date "2005.10.13"]
[Round "7"]
[White "Dzhumaev, Marat"]
[Black "Gonzales, Jayson"]
[Result "1-0"]
[WhiteElo "2507"]
[BlackElo "2464"]
[EventDate "2005.10.05"]
[PlyCount "51"]

1.e4 Nc6 2.d4 e5 3.d5 Nce7 4.c4 Ng6 5.Nc3 Nf6 6.Be3 Bb4 7.f3 Qe7 8.Qd2 c6 
9.O-O-O cxd5 10.exd5 d6 11.h4 h5 12.Nge2 Nd7 13.Qc2 Qd8 14.a3 Bc5 15.Bg5 
Ne7 16.b4 Bd4 17.c5 Nxc5 18.Nxd4 exd4 19.bxc5 dxc3 20.Bb5+ Kf8 21.Bxe7+ 
Kxe7 22.Rhe1+ Kf6 23.g4 g5 24.Qxc3+ Kg6 25.Bd3+ Kh6 26.Re7 1-0

[Event "5th Asia-ch"]
[Site "Hyderabad IND"]
[Date "2005.10.13"]
[Round "7"]
[White "Roktim, Bandyopadhyay"]
[Black "Kidambi, Sundararajan"]
[Result "0-1"]
[WhiteElo "2380"]
[BlackElo "2497"]
[EventDate "2005.10.05"]
[PlyCount "78"]

1.Nf3 Nf6 2.c4 c6 3.e3 d5 4.Qc2 g6 5.b3 Bg7 6.Bb2 O-O 7.Be2 a5 8.O-O Na6 
9.a3 Bf5 10.d3 Rc8 11.c5 b6 12.cxb6 Qxb6 13.Nbd2 c5 14.Rab1 Rfd8 15.e4 Be6
16.exd5 Nxd5 17.Nc4 Qc7 18.Bxg7 Kxg7 19.g3 Nb8 20.Qb2+ Kg8 21.d4 Nd7 22.
Qd2 N7f6 23.Rb2 a4 24.Rc1 Ne4 25.Qe1 cxd4 26.Nxd4 Bh3 27.Bg4 Bxg4 28.Qxe4 
Nf6 29.Qe3 Qc5 30.Ne2 Qxe3 31.Nxe3 Bxe2 32.Rxc8 Rxc8 33.Rxe2 axb3 34.Rb2 
Rb8 35.Nc4 Ne4 36.a4 Rb4 37.Na3 Nc5 38.a5 Ra4 39.Nb5 Rxa5 0-1

[Event "5th Asia-ch"]
[Site "Hyderabad IND"]
[Date "2005.10.13"]
[Round "7"]
[White "Ramesh, Ramachandran"]
[Black "Gnusarev, Pavel"]
[Result "1-0"]
[WhiteElo "2487"]
[BlackElo "2426"]
[EventDate "2005.10.05"]
[PlyCount "81"]

1.e4 c5 2.Nf3 e6 3.d4 cxd4 4.Nxd4 a6 5.Bd3 Nf6 6.O-O Qc7 7.Qe2 d6 8.c4 g6 
9.Nc3 Bg7 10.Rd1 O-O 11.Nf3 Nbd7 12.h3 b6 13.Bg5 Bb7 14.Rac1 Rfe8 15.Bb1 
Rac8 16.b3 Qb8 17.Bf4 Bf8 18.Qd2 Ne5 19.Ne1 Bc6 20.Bg5 Ned7 21.Nf3 Be7 22.
Nd4 Ba8 23.Re1 Nc5 24.h4 Ncd7 25.a4 Nc5 26.Bc2 e5 27.Nf3 Nh5 28.Bxe7 Rxe7 
29.b4 Ne6 30.Nd5 Bxd5 31.cxd5 Nd8 32.Bd3 Rxc1 33.Rxc1 Qb7 34.Qc2 Re8 35.
Qc7 Qxc7 36.Rxc7 a5 37.bxa5 bxa5 38.Nd2 f6 39.Bb5 Rf8 40.Nc4 Nf7 41.Bd7 
1-0

[Event "5th Asia-ch"]
[Site "Hyderabad IND"]
[Date "2005.10.13"]
[Round "7"]
[White "Ravi, Lanka"]
[Black "Sandipan, Chanda"]
[Result "1-0"]
[WhiteElo "2419"]
[BlackElo "2560"]
[EventDate "2005.10.05"]
[PlyCount "55"]

1.c4 Nf6 2.Nc3 e6 3.e4 d5 4.e5 d4 5.exf6 dxc3 6.bxc3 Qxf6 7.Nf3 c5 8.Bd3 
g5 9.h3 h5 10.h4 g4 11.Ng5 Qe5+ 12.Be4 Bg7 13.O-O f5 14.Bd5 O-O 15.Re1 Qc7
16.Nxe6 Bxe6 17.Rxe6 Kh7 18.Qf1 Nc6 19.Qe2 Qd7 20.Ba3 Rfe8 21.Qd3 Rxe6 22.
Qxf5+ Kh8 23.Bxe6 Qxd2 24.Qxh5+ Bh6 25.Bxc5 g3 26.fxg3 Rd8 27.Kh2 b6 28.
Ba3 1-0

[Event "5th Asia-ch"]
[Site "Hyderabad IND"]
[Date "2005.10.13"]
[Round "7"]
[White "Poobesh Anand, Selvaraj"]
[Black "Bin Sattar, Reefat"]
[Result "1-0"]
[WhiteElo "2397"]
[BlackElo "2484"]
[EventDate "2005.10.05"]
[PlyCount "91"]

1.d4 d5 2.c4 c6 3.e3 Nf6 4.Nf3 Bf5 5.Nc3 e6 6.Nh4 Bg6 7.Qb3 Qc7 8.Bd2 Be7 
9.Nxg6 hxg6 10.O-O-O Nbd7 11.Kb1 dxc4 12.Bxc4 a6 13.Bd3 c5 14.Ne4 O-O 15.
Rc1 Rac8 16.Nxc5 Bxc5 17.Bb4 b6 18.dxc5 bxc5 19.Ba3 Qc6 20.f3 Rb8 21.Qc4 
Ne5 22.Qxa6 Rb6 23.Bb5 Rxa6 24.Bxc6 Nxc6 25.Bxc5 Rb8 26.Rhd1 Nd5 27.e4 Nf6
28.b3 Rb7 29.Kb2 Rd7 30.a4 e5 31.Ka3 Nd4 32.Bxd4 exd4 33.Rc8+ Kh7 34.Rc4 
d3 35.Rc3 d2 36.Rc2 Rb7 37.b4 Nd5 38.Rdxd2 Nb6 39.a5 Na8 40.Ka4 Raa7 41.b5
Nb6+ 42.Kb4 Nd7 43.a6 Rb8 44.Ka5 Rba8 45.Rd5 Nf6 46.Rdc5 1-0

[Event "5th Asia-ch"]
[Site "Hyderabad IND"]
[Date "2005.10.13"]
[Round "7"]
[White "Himanshu, Sharma"]
[Black "Sivanandan, B. S."]
[Result "1-0"]
[WhiteElo "2391"]
[BlackElo "2467"]
[EventDate "2005.10.05"]
[PlyCount "129"]

1.e4 e5 2.Bc4 Nf6 3.d3 c6 4.Nf3 d5 5.Bb3 dxe4 6.Ng5 Bc5 7.Nxf7 Qb6 8.O-O 
Bg4 9.Qe1 O-O 10.Ng5+ Kh8 11.Nxe4 Nxe4 12.dxe4 Rxf2 13.Rxf2 Nd7 14.Bg5 Rf8
15.Bh4 g5 16.Bg3 h5 17.h4 Qd8 18.Qd2 Rf4 19.Nc3 Bxf2+ 20.Bxf2 gxh4 21.Be3 
Rf8 22.Bg5 Qb6+ 23.Qe3 Qd4 24.Rf1 Rxf1+ 25.Kxf1 h3 26.gxh3 Qxe3 27.Bxe3 
Bxh3+ 28.Kf2 a6 29.Kg3 Bg4 30.Kh4 Kg7 31.Kg5 b5 32.Bf2 Bf3 33.Be6 Nf6 34.
Bg3 Nxe4+ 35.Nxe4 Bxe4 36.Bxe5+ Kf8 37.Bd6+ Ke8 38.c3 Bf3 39.b4 Kd8 40.a3 
Be2 41.Bc5 Kc7 42.Bf7 Kd7 43.Bg6 Bf3 44.Bf5+ Kc7 45.Bd4 Kb7 46.Bg6 Kc7 47.
Bxh5 Bg2 48.Bc5 Bh1 49.Kf6 Bg2 50.Ke5 Bh1 51.Be7 Bg2 52.Bg4 Bh1 53.Kd4 Bd5
54.Bf5 Bf3 55.Be4 Bg4 56.Kc5 Bd7 57.Bd6+ Kb7 58.Be5 Be8 59.Kd6 a5 60.bxa5 
Ka6 61.Bxc6 Bg6 62.Kc5 Bd3 63.Bc7 Be2 64.Bd7 Bd3 65.Bb6 1-0

[Event "5th Asia-ch"]
[Site "Hyderabad IND"]
[Date "2005.10.13"]
[Round "7"]
[White "Al-Rakib, Abdullah"]
[Black "Laxman, Rajaram"]
[Result "1-0"]
[WhiteElo "2466"]
[BlackElo "2404"]
[EventDate "2005.10.05"]
[PlyCount "73"]

1.d4 Nf6 2.c4 e6 3.Nf3 b6 4.Nc3 Bb7 5.Bg5 Be7 6.Qc2 h6 7.Bh4 d5 8.Bxf6 
Bxf6 9.cxd5 exd5 10.g3 O-O 11.Bg2 Nc6 12.Rd1 Ne7 13.O-O g6 14.b4 c6 15.
Rfe1 a5 16.b5 Qd7 17.Ne5 Bxe5 18.dxe5 Qe6 19.bxc6 Bxc6 20.f4 b5 21.e3 b4 
22.Ne2 Nf5 23.Qd3 Bb7 24.Bh3 d4 25.e4 Qc6 26.Nxd4 Nxd4 27.Qxd4 Rad8 28.Bd7
Qa6 29.f5 gxf5 30.exf5 Rxd7 31.Qxd7 Qb6+ 32.Rd4 Qc5 33.f6 h5 34.Qd6 Qc8 
35.e6 Kh7 36.Qe5 Kg6 37.h4 1-0

[Event "5th Asia-ch"]
[Site "Hyderabad IND"]
[Date "2005.10.13"]
[Round "7"]
[White "Sharbaf, Mohsen"]
[Black "Venkatesh, M. R."]
[Result "0-1"]
[WhiteElo "2387"]
[BlackElo "2431"]
[EventDate "2005.10.05"]
[PlyCount "80"]

1.e4 c5 2.Nc3 Nc6 3.f4 g6 4.Bc4 Bg7 5.d3 e6 6.Be3 Nd4 7.Nf3 Ne7 8.O-O O-O 
9.Ne2 Nxf3+ 10.Rxf3 d5 11.Bb3 c4 12.dxc4 dxe4 13.Rf1 Bxb2 14.Rb1 Bf6 15.g4
Bd7 16.Ng3 Bc6 17.Qe2 Bd4 18.Rbd1 Bxe3+ 19.Qxe3 Qb6 20.c5 Qa5 21.f5 Nd5 
22.Bxd5 exd5 23.Nh5 gxh5 24.Qg5+ Kh8 25.Qf6+ Kg8 26.gxh5 Qd8 27.Qh6 f6 28.
Kf2 Qe7 29.Rg1+ Kh8 30.Rg3 Rg8 31.Rdg1 Rxg3 32.Rxg3 Rg8 33.Rxg8+ Kxg8 34.
Qf4 Qxc5+ 35.Kg2 Qxc2+ 36.Kh3 Qc3+ 37.Kh4 Qe5 38.Qg4+ Kf8 39.h3 h6 40.a4 
e3 0-1

[Event "5th Asia-ch"]
[Site "Hyderabad IND"]
[Date "2005.10.13"]
[Round "7"]
[White "Annaberdiev, Meilis"]
[Black "Xie, George Wendi"]
[Result "1-0"]
[WhiteElo "2421"]
[BlackElo "2340"]
[EventDate "2005.10.05"]
[PlyCount "55"]

1.d4 Nf6 2.Nf3 e6 3.Bg5 c5 4.e3 h6 5.Bh4 cxd4 6.exd4 Be7 7.Nbd2 O-O 8.Bd3 
b6 9.Qe2 Nc6 10.Bxf6 Bxf6 11.c3 Bb7 12.Ne4 Be7 13.Ng3 Rc8 14.O-O Re8 15.
Rfe1 Bf8 16.Rad1 d6 17.h4 Nb8 18.h5 Qf6 19.Nh2 Qh4 20.Bc2 Nd7 21.Ng4 f5 
22.Ba4 Re7 23.Bxd7 Rxd7 24.Qxe6+ Rf7 25.Nxf5 Qg5 26.Ng3 Rd8 27.Ne4 Qb5 28.
Qg6 1-0

[Event "5th Asia-ch"]
[Site "Hyderabad IND"]
[Date "2005.10.13"]
[Round "7"]
[White "Parikh, Valay"]
[Black "Iuldachev, Saidali"]
[Result "1-0"]
[WhiteElo "2372"]
[BlackElo "2543"]
[EventDate "2005.10.05"]
[PlyCount "85"]

1.e4 e5 2.Bc4 Nf6 3.d3 c6 4.Nf3 Be7 5.O-O d6 6.Re1 O-O 7.c3 Nbd7 8.Bb3 h6 
9.d4 Re8 10.Nbd2 Bf8 11.a4 b6 12.Qc2 Bb7 13.Nf1 b5 14.Ng3 a6 15.Ba2 Qc7 
16.b3 d5 17.dxe5 Nxe5 18.Nxe5 Qxe5 19.f4 Bc5+ 20.Kh1 Qe7 21.e5 Ng4 22.Nf5 
Qf6 23.Re2 Qg6 24.Bb1 Bc8 25.Nd4 Qxc2 26.Bxc2 b4 27.Bb2 bxc3 28.Bxc3 f6 
29.h3 fxe5 30.hxg4 Bxg4 31.Rxe5 Bd6 32.Rxe8+ Rxe8 33.Re1 Rf8 34.f5 c5 35.
Ne6 Re8 36.Bxg7 h5 37.Be5 Be7 38.Nc7 Rf8 39.Nxd5 Bh4 40.Rf1 Be2 41.Rf4 Bg3
42.Re4 Rxf5 43.Ne7+ 1-0

[Event "5th Asia-ch"]
[Site "Hyderabad IND"]
[Date "2005.10.13"]
[Round "7"]
[White "Rohit, Goginenni"]
[Black "Singh, D. P."]
[Result "0-1"]
[WhiteElo "2401"]
[BlackElo "2368"]
[EventDate "2005.10.05"]
[PlyCount "82"]

1.e4 c5 2.Nf3 d6 3.d4 cxd4 4.Nxd4 Nf6 5.Nc3 a6 6.Be3 e6 7.Be2 Be7 8.f4 O-O
9.Qd2 d5 10.exd5 exd5 11.Bf3 Re8 12.O-O-O Nc6 13.Nde2 Bb4 14.Qd3 Bg4 15.
Bxg4 Nxg4 16.Bg1 Nf6 17.a3 Qa5 18.Nb1 Bd6 19.g3 Bc5 20.Bxc5 Qxc5 21.Nd4 
Ng4 22.Qd2 Ne3 23.Nb3 Qc4 24.Rde1 d4 25.Qe2 Qd5 26.N1d2 Rac8 27.Qd3 Nxc2 
28.Rxe8+ Rxe8 29.Rg1 Ne1 30.Qc4 Qh5 31.Qf1 Re2 32.Qxe1 Rxe1+ 33.Rxe1 f5 
34.Nc4 Qxh2 35.Re8+ Kf7 36.Nd6+ Kg6 37.Re6+ Kh5 38.Nxf5 Kg4 39.Nxg7 d3 40.
Kb1 Nd4 41.Nxd4 Qg1+ 0-1

[Event "5th Asia-ch"]
[Site "Hyderabad IND"]
[Date "2005.10.13"]
[Round "7"]
[White "Palit, Somak"]
[Black "Harika, Dronavalli"]
[Result "1-0"]
[WhiteElo "2312"]
[BlackElo "2392"]
[EventDate "2005.10.05"]
[PlyCount "73"]

1.e4 c5 2.b3 Nc6 3.Bb2 e5 4.Bc4 d6 5.Ne2 Nf6 6.Nbc3 g6 7.O-O Bg7 8.d3 O-O 
9.Nd5 Nh5 10.f4 a6 11.a4 Rb8 12.b4 Nxb4 13.Nxb4 cxb4 14.f5 Nf6 15.Ng3 Kh8 
16.Kh1 Bd7 17.a5 Bc6 18.Qe1 h5 19.Bb3 Bh6 20.Bc1 Bg7 21.Bg5 Qd7 22.Qxb4 
Nh7 23.Qd2 f6 24.Be3 h4 25.fxg6 hxg3 26.Qe2 f5 27.Qh5 Bf6 28.Rxf5 Qe7 29.
Raf1 Be8 30.Rxf6 Bxg6 31.Rxf8+ Rxf8 32.Rxf8+ Qxf8 33.Qxg6 gxh2 34.Kxh2 Nf6
35.Kg1 Qg7 36.Qxg7+ Kxg7 37.Bd5 1-0